| 000 | 00457nam a22001817a 4500 | ||
|---|---|---|---|
| 003 | CEME | ||
| 005 | 20210628204218.0 | ||
| 008 | 210202b xxu||||| |||| 00| 0 eng d | ||
| 020 | _a0-521-00754-2 | ||
| 040 | _c. | ||
| 082 | _a515 DUD | ||
| 100 |
_aDudley, R.M _969295 |
||
| 245 | _aReal analysis and probability | ||
| 260 |
_aUK _bCAMBRIDGE UNIVERSITY _c2002 |
||
| 300 | _aIX,554P | ||
| 650 |
_aREAL ANALYSIS AND PROBABILITY _969296 |
||
| 942 |
_cBK _2ddc |
||
| 999 |
_c576646 _d576646 |
||